LEADER 01138nam 2200349 450 001 000006329 005 20070503173300.0 100 $a20001204d1959----km-y0itay0103----ba 101 0 $aeng 102 $aUS 200 1 $a<> devil's advocate$fby Morris L. West 200 1 $a1 $n0003961 210 $aNew York$cMorrow$d1959 215 $a319 p.$d21 cm. 676 $a813.54$v(20 ed.)$9Narrativa americana in inglese. 1945- 700 1$aWest,$bMorris L.$0168106 801 0$aIT$bUniversità della Basilicata - B.I.A.$gRICA$2unimarc 912 $a000006329 996 $aDevil's advocate$975502 997 $aUNIBAS BAS $aMONLET BAS $aMONOGR BAS $aLETTERE CAT $aDEBONIS$b01$c20001204$lBAS01$h1658 CAT $c20050601$lBAS01$h1753 CAT $abatch$b01$c20050718$lBAS01$h1049 CAT $c20050718$lBAS01$h1108 CAT $c20050718$lBAS01$h1138 CAT $c20050718$lBAS01$h1152 CAT $aBATCH$b00$c20070503$lBAS01$h1733 FMT Z30 -1$lBAS01$LBAS01$mBOOK$1BASA1$APolo Storico-Umanistico$2GEN$BCollezione generale$3FP/4986$64986$5L4986$820001204$f02$FPrestabile Generale